banner-ar

سير اعلام النبلاء / (Record no. 62052)

MARC details
000 -الفاتح
حقل البيانات ثابتة الطول 01087nam a2200253Ia 4500
005 - وقت وتاريخ اخر تعامل مع التسجيلة
رقم الضبط 20240530110529.0
008 - عناصر البيانات ثابتة الطول - معلومات عامة
حقل البيانات ثابتة الطول 140319s9999 xx 000 0 ara d
040 ## - مصدر الفهرسة
وكالة الفهرسة الأصلية GCL /
وكالة النسخ GCL
082 04 - رقم تصنيف ديوى العشرى
رقم التصنيف 923.2
رقم المادة ذ س
100 1# - المدخل الرئيسى - إسم شخصى
الإسم الشخصى الذهبى : شمس الدين ابوعبدالله محمد بن احمد بن عثمان التركمانى الفارقى
245 10 - بيان العنوان
العنوان سير اعلام النبلاء /
بيان المسئوليه,etc الذهبى : شمس الدين ابوعبدالله محمد بن احمد بن عثمان التركمانى الفارقى ؛ اشراف شعيب الارنؤوط ؛ تحقق حسين الاسد
250 ## - بيان الطبعة
بيان الطبعة ط7
260 ## - PUBLICATION, DISTRIBUTION, ETC. (IMPRINT)
تاريخ النشر أو التوزيع 1982
300 ## - الوصف المادى
التعداد متعدد ؛
أبعاد الوعاء 24 سم
650 04 - المدخل الاضافى بالموضوع-مصطلح موضوعى
مصطلح موضوعي التاريخ الاسلامى
650 04 - المدخل الاضافى بالموضوع-مصطلح موضوعى
مصطلح موضوعي الانساب العربية
650 04 - المدخل الاضافى بالموضوع-مصطلح موضوعى
مصطلح موضوعي اعلام العرب
650 04 - المدخل الاضافى بالموضوع-مصطلح موضوعى
مصطلح موضوعي الحضارة الاسلامية
650 04 - المدخل الاضافى بالموضوع-مصطلح موضوعى
مصطلح موضوعي الانساب والاعراق
700 ## - المدخل الاضافى - اسم شخصى
الإسم الشخصى شعيب الارنؤوط
الدور اشراف
700 ## - المدخل الاضافى - اسم شخصى
الإسم الشخصى حسين الاسد
الدور محقق
942 ## - عناصر المدخل الإضافي( كوها)
مصدر التصنيف او مخطط الترفيف Dewey Decimal Classification
Koha [default] item type المراجع
260 ## - PUBLICATION, DISTRIBUTION, ETC. (IMPRINT)
-- بيروت :
-- مؤسسة الرسالة ،
Holdings
حالة التراجع حالة الفقد حالة تلف ليس للاعارة المكان المؤقت الموقع الحالى تاريخ الاكتساب اجمالي اﻻعارات رقم الطلب الباركود تاريخ اخر مشاهدة تاريخ تفعيل السعر نوع وعاء كوها
        مكتبة القاهرة الكبرى مكتبة القاهرة الكبرى 03/13/2016   923.2 ذ س 161562 03/13/2016 03/13/2016 المراجع
        مكتبة القاهرة الكبرى مكتبة القاهرة الكبرى 03/13/2016   923.2 ذ س 161563 03/13/2016 03/13/2016 المراجع
        مكتبة القاهرة الكبرى مكتبة القاهرة الكبرى 03/13/2016   923.2 ذ س 161564 03/13/2016 03/13/2016 المراجع

Powered By

EGPV